1290 1904 1152 1178 1036 1926 1785 1638 1783 1575 1416 1550 1990 1050 1892 1141 1424 1954 1222 1013 1196 1718 1668 1938 1399 1242 1945 1306 1057 1233 1400 1131 1419 1400 1216 1901 1353 1393 1974 1472 1843 1187 1506 1721 1851 1512 1328 1074 1728 1389 1889 1356 1907 1263 1079 1252 1449 1709 1933 1519 1383 1034 1675 1459 1583 1346 1136 1713 1452 1925 1712 1454 1617 1116 1593 1333 1667 1687 1476 1745 1994 1529 1794 1174 1217 1779 1275 1090 1396 1441 1843 1965 1141 1852 1798 1675 1688 1922 1446 BCNSPRNW ULIB Ver.6.0+V

เปลี่ยนเป็นภาษาไทย

Change to English
 แสดงรายละเอียดบรรณานุกรม
  กลับหน้าหลัก

Brief Record : Get Marc (ISO 2709) : E-mail record : QR code < ปิดหน้าต่าง
LEADER : 00000nam 2200000uu 4500
001    13399108616
003     ULIB
008    110310s2553||||th 000 0 tha d
020    9789746724920
060 04 QX460^bน253ส 2553
100 0  นริศรา จริยะพันธุ์
245 10 สัตว์ขาข้อมีพิษ =^bVenomous arthropods /^cนริศราจริยะพันธุ์
246 31 Venomous arthropods
250    พิมพ์ครั้งที่ 1
260    เชียงใหม่ :^bภาควิชาปรสิตวิทยา คณะแพทยศาสตร์มหาวิทยาลัยเชียงใหม่,^c2553
300    110 หน้า :^bภาพประกอบ ;^c22 ซม.
650  2 Arthropod Vectors
650  2 Arthropods
650  7 อาร์โทรโปดา^xแง่การแพทย์
650  7 สัตว์มีพิษ^xแง่การแพทย์
650  7 พิษสัตว์^xการรักษา
650  7 พิษสัตว์^xการป้องกันและควบคุม
710 2  มหาวิทยาลัยเชียงใหม่. ^bคณะแพทยศาสตร์. ^bภาควิชาปรสิตวิทยา
945    ^p250^l0^i027970
995    ทศพร
999 ^a ใช้งานได้ทุกระบบ
รายการนี้ยังไม่มีแท็ก
คุณยังไม่ได้ล็อกอิน คุณสามารถมีกิจกรรมร่วมกับเว็บไซต์ได้ แต่ต้องล็อกอินก่อน ::
  ล็อกอิน

รายการสื่อสารสนเทศ

ลำดับที่ ประเภท เลขเรียก/บาร์โค้ด สถานที่ สถานะ
1. วิทยาศาสตร์การแพทย์ และสุขภาพ
วิทยาศาสตร์การแพทย์ และสุขภาพ
QX460 น253ส 2553 ฉ.1 
  Barcode: 027970
ห้องสมุดวิทยาเขตสวรรค์ประชารักษ์
►ส่วนจัดเก็บหนังสือเก่า สปร
บนชั้น
  ขอยืม

BibComment


ยังไม่เคยถูกคอมเมนท์

คอมเมนท์ทรัพยากรรายการนี้
  คอมเมนท์: สัตว์ขาข้อมีพิษ ..


 Copyright 2026. Bcnsprnw @Library